000 01749nam0a2200325 4500
001 RU\NLR\bibl\1148991
005 20260407062338.0
010 _a978-5-203-02027-7
021 _aRU
_b2007-67270
_93606
035 _a(NLR Aleph) 001135799
090 _a1386461
_c1386461
100 _a20071102d2007 |||y0rusy50 ca
101 0 _arus
102 _aRU
105 _aa |||||||||
200 1 _aКрасная армия в самой крупной битве истории
_eсправочник о воинских формированиях, участвовавших в Московской битве (30 сентября 1941 года - 20 апреля 1942 года)
_fПравительство Москвы, Ком. по культуре г. Москвы, Гос. музей обороны Москвы
_g[сост. д.ист.н., проф. В.П. Филатов, полк. в отставке Е.Н. Грищенко]
210 _aМосква
_cВоенное изд-во
_d2007
215 _a227, [1] с., [32] л. ил.
_cил.
_d22
320 _aБиблиогр.: с. 213-216 (70 назв.)
601 0 2 _aРабоче-Крестьянская Красная армия
_c1918 - 1946
_jСправочники
_xИстория
_z1941 - 1945
_92594741
_3RU\NLR\auth\661533176
606 1 _aБитва под Москвой
_jСправочники
_z1941 - 1942
_92195999
_3RU\NLR\auth\661319820
686 _aЦ35(2)722.221-4,1я22
702 1 _aФилатов
_bВ. П.
_4340
712 0 2 _4570
_aГосударственный музей обороны Москвы
_3RU\NLR\AUTH\8810029543
_9557670
801 0 _aRU
_bNLR
_c20071102
_gRCR
801 1 _aRU
_bNLR
_c20071102
942 _cBOOK
980 _aNB